000 00341nam a2200133 i 4500
001 bg
100 1 _aWIŚLICKI, Alfred
245 0 _aKierunki rozwoju maszyn i mechanizacji robót ziemnych /
_cAlfred Wiślicki.
260 _aWarszawa,
_c1973.
040 _cBPK
041 _apol
942 _cKS
008 s pl f |000 0 pol
999 _c17311
_d17311
856 _uhttp://koha.tu.koszalin.pl/cgi-bin/koha/opac-detail.pl?biblionumber=17311
_yKatalog online BPK